000 00810nam a22002177a 4500
005 20210325180221.0
008 s2542 th tha d
020 _a9745727474
041 _atha
050 _aHF5549.5.J62 ผ662ก 2542
100 0 _aผุสดี รุมาคม
245 1 0 _aการประเมินการปฏิบัติงาน
260 3 _aกรุงเทพฯ :
_bธนาเพรส แอนด์ กราฟฟิค,
_c2542
300 _a497 หน้า :
_b ตาราง, แผนผัง, แผนภูมิ ;
_c 25 ซม.
650 0 4 _aการประเมิน
650 0 4 _aการประเมินผลงาน
850 _aNALT
942 _cGB
997 _c000000000008756
998 _aSAIPHON DEENGAM
999 _c8756
_d8756